Better Call Saul A-Z - Statistics

General Stats
  • This quiz has been taken 220 times
  • The average score is 18 of 26
Answer Stats
Letter Hint Answer % Correct
A City where most of the story takes place Albuquerque
96%
H The Hs in HHM Hamlin
91%
L Scary Salamanca Lalo
91%
N Ignacio's nickname Nacho
91%
E Chuck's allergy Electricity
89%
W Kim's last name Wexler
87%
G Jimmy's name after events of Breaking Bad {Gene} Takovic
85%
M James and Charles McGill
85%
V Bank that Kim works with Mesa {Verde}
85%
R Jimmy's car is mostly yellow, but one door is Red
85%
T Salamanca who goes to jail for beating up Mike Tuco
85%
Z German Engineer Werner {Ziegler}
81%
U Jimmy drinks this to survive in the desert Urine
80%
K Betsy and Craig Kettleman
75%
J Brand of Howard's car Jaguar
73%
O City Jimmy lives in after events of Breaking Bad Omaha
71%
D Jimmy did what through a sunroof?? Defecated
69%
I Sandpiper resident and class representative Irene
64%
B What the two skateboarders call Tuco's abuelita Biznatch
63%
F Jimmy's pet Fish
60%
S Three episode titles start with this word {Something} Beautiful, {Something} Stupid, {Something} Unforgivable
60%
Q Head of logistics at Madrigal Lydia Rodarte-{Quayle}
52%
C Wood used for Jimmy's favorite desk Cocobolo
38%
P Pharmaceutical seller and baseball card lover Pryce
32%
Y Glenn's dirty talk with Kim Yep
13%
X Driver for Hector's smuggling business Ximenez
9%
No matching quizzes found
Score Distribution
Percent of People with Each Score
Percentile by Number Answered
Your Score History
You have not taken this quiz